Electronics By Picture In 15 Seconds - Statistics

General Stats
  • This quiz has been taken 264 times
  • The average score is 5 of 8
Answer Stats
Picture Answer % Correct
Refrigerator
97%
Mobile Phones
95%
Fan
87%
Television
75%
Bulb
63%
Computer
46%
Headphones
30%
Printers
2%
No matching quizzes found
Score Distribution
Percent of People with Each Score
Percentile by Number Answered
Your Score History
You have not taken this quiz